Procesos locales del sistema departamental de áreas protegidas del Valle del Cauca - SIDAP Valle / (Registro nro. 18990)
[ vista simple ]
| 000 -CABECERA | |
|---|---|
| Campo de control | 00894nam a2200205 a 4500 |
| 005 - FECHA Y HORA DE LA ULTIMA TRANSACCION | |
| Campo de control | 20160901120248.0 |
| 008 - ELEMENTOS DE LONGITUD FIJA—INFORMACION GENERAL | |
| Campo de control | 160901t2010 ck ado||r|||| 00| 0 spa d |
| 020 ## - ISBN | |
| ISBN | 9789588332345 |
| 040 ## - FUENTE DE CATALOGACIÓN | |
| Agencia catalogadora original | CO-BoIAVH |
| Agencia transcriptora | CO-BoIAVH |
| 041 0# - IDIOMA | |
| Código de idioma para texto/pista de sonido o título separado | Español |
| 044 ## - PAÍS DE PUBLICACIÓN | |
| País de publicación | Colombia |
| 082 04 - NUMERO DE CLASIFICACION DECIMAL DEWEY | |
| Número de clasificación | 333.7068 |
| Número del ítem | P96l |
| 245 00 - MENCION DE TITULO | |
| Título | Procesos locales del sistema departamental de áreas protegidas del Valle del Cauca - SIDAP Valle / |
| Mención de responsabilidad | compilado por Yazmín Rojas Lenis |
| 260 ## - PUBLICACION, DISTRIBUCION, ETC. (PIE DE IMPRENTA) | |
| Lugar de publicación, distribución, etc. | [Santiago de Cali?], Colombia : |
| Nombre del editor, distribuidor, etc. | CVC, |
| Fecha de publicación, distribución, etc. | c2010. |
| 300 ## - DESCRIPCION FISICA | |
| Extensión | 61 páginas : |
| Otros detalles físicos | ilustraciones a color, mapas y fotografías a color ; |
| Dimensiones | 21 x 14 cm. |
| 650 26 - ASIENTO SECUNDARIO DE MATERIA - TERMINO TEMATICO | |
| Término temático o nombre geográfico como elemento de entrada | Zonas protegidas |
| Subdivisión general | comunidad local |
| -- | Procesos |
| Subdivisión geográfica | Colombia |
| -- | Valle del Cauca (Departamento) |
| 9 (RLIN) | 75769 |
| 650 26 - ASIENTO SECUNDARIO DE MATERIA - TERMINO TEMATICO | |
| Término temático o nombre geográfico como elemento de entrada | Reservas naturales |
| Subdivisión general | comunidad local |
| -- | Procesos |
| Subdivisión geográfica | Colombia |
| -- | Valle del Cauca (Departamento) |
| 9 (RLIN) | 75770 |
| 700 1# - ASIENTO SECUNDARIO - NOMBRE PERSONAL | |
| Nombre personal | Rojas Lenis, Yazmín |
| Término de relación | compiladora |
| 9 (RLIN) | 75771 |
| 942 ## - ELEMENTOS ADICIONALES (KOHA) | |
| Sistema de clasificación | Dewey Decimal Classification |
| Tipo de ítem | Libro |
| Withdrawn status | Lost status | Sistema de Clasificación | Damaged status | No para préstamo | Colección | Inventariado | Ubicación Permanente | Ubicación actual | Fecha de adquisición | Fuente de Valor | Valor | Total Checkouts | Número topográfico | Inventario / Código de Barras | Date last seen | Ejemplar | Price effective from | Forma de adquisición | Tipo de material |
|---|---|---|---|---|---|---|---|---|---|---|---|---|---|---|---|---|---|---|---|
| Dewey Decimal Classification | General | Inventariado 2017 | Bogotá | Bogotá | 01/09/2016 | Instituto | 39000.00 | LB-333.7068 P96l | 040638 | 01/09/2016 | Ej. 1 | 01/09/2016 | Donación | Libro |